| 000 | 00475nam a2200157 4500 | ||
|---|---|---|---|
| 001 | 121498 | ||
| 003 | ES-MaACL | ||
| 005 | 20230906191748.0 | ||
| 007 | t| | ||
| 008 | 070214s1922 fr r ||||1| fre d | ||
| 100 | 1 |
_aPorché, François. _993120 |
|
| 245 | 1 | 3 |
_aLa Dauphine _b: comedie e trois actes en vers : precedë d'une lettre de Madame SImone / _cFrançois Porché. |
| 260 |
_aParis : _bE. Grevin, _c1922. |
||
| 300 |
_a294 p. ; _c18 cm. |
||
| 852 |
_aES-MaACL _jF-4764 |
||
| 999 |
_c121498 _d121498 |
||